00822nam a2200181 a 450000500170000000800410001702000180005805000200007610000200009624500660011626000470018230000220022944000210025150000910027252002370036365000170060065000230061720140412111236.0010604s19uu xx 00 eng d a0-8431-3993-5 aERbPu96Le 1999 aFujimoto, Michi aThe puzzle place: Leon's antics /cwritten by Michi Fujimoto. aNew York :bPutnam & Grosset Group,c1995. a1v. (unp.) ; ill. aThe Puzzle Place aBased on the teleplay, "Roamantics," by Ellis Weiner, Cris Franco and Joseph A. Bailey aBen shares his new ant farm with the Puzzle Place. The direction include a warning: DO NOT OPEN. But Leon can't resist the temptation- and soon the ants take actions have consequences and that he has to take responsibility for the, aAnts-Stories aChildren's stories